000 00753nam a2200265 i 4500
001 16036
003 ES-MaACL
005 20250111062526.0
007 t|
008 000617r19871980sp ||||0| spa j ..|
015 _a1988-JUN-10695
016 7 _zSAB9000014929
020 _a84-339-1748-X
040 _aM-BN-DP
_bspa
_cM-BN-DP
080 _a860-31"19"
100 1 _aPuértolas, Soledad.
_994193
245 1 3 _aEl Bandido doblemente armado /
_cSoledad Puértolas.
250 _a4ª ed.
260 _aBarcelona :
_bAnagrama,
_c1987.
300 _a139 p. ;
_c20 cm.
490 1 _aNarrativas hispánicas ;
_v48
830 0 0 _aNarrativas hispánicas (Anagrama)
_v48
_9178124
852 _aES-MaACL
_jL-23352
_bR.128362
999 _c16036
_d16036